000 00975nam a2200229Ia 4500
999 _c39740
_d39740
001 6345
003 GE_BSU
005 20191003144329.0
008 181216s1950||||ge |||||||||||||| ||geo||
040 _cGE_BSU
041 _ageo
080 _a82-93 ბ-29
100 _aბასილაია, აპოლონ
_94473
245 _aკოსმიური ბრძოლა :
_bმოთხრობა /
_cაპოლონ ბასილაია ; რედ.: ლ. ასათიანი ; მხატვ. გ. ფოცხიშვილი.
264 _aთბილისი :
_bსაბლიტგამი ;
_c1950.
300 _a140 გვ.;
_bილ. ;
_c21 სმ.
653 _aკოსმიური ბრძოლა
653 _aმოთხრობა
700 _aასათიანი, ლ.
_eრედაქტორი
_94474
700 _aფოცხიშვილი, გ.
_eმხატვარი
_94475
942 _cBK
_2udc